مكتبة جامعة عجلون الوطنية

فهرس بحث المكتبة

Normal view MARC view
  • Children With Disabilities

Entry Topical Term

Number of records used in: 1

001 - CONTROL NUMBER

  • control field: 131

003 - CONTROL NUMBER IDENTIFIER

  • control field: JO-AjAnu

005 - DATE AND TIME OF LATEST TRANSACTION

  • control field: 20230606070325.0

008 - FIXED-LENGTH DATA ELEMENTS

  • fixed length control field: 230606|| aca||aabn | a|a d

040 ## - CATALOGING SOURCE

  • Original cataloging agency: JO-AjAnu
  • Transcribing agency: JO-AjAnu

150 ## - HEADING--TOPICAL TERM

  • Topical term or geographic name entry element: Children With Disabilities

670 ## - SOURCE DATA FOUND

  • Source citation: Work cat.: (JO-AjAnu)69: Reddy,G. Lokanadha / Sujathamalini,J, author 130, Children With Disabilities: Awareness, Attitude and Competencies of Teachers